PRACTICAL EXERCISE THERAPY (Record no. 1486)
[ view plain ]
| 000 -LEADER | |
|---|---|
| fixed length control field | 00350nam a2200145Ia 4500 |
| 008 - FIXED-LENGTH DATA ELEMENTS--GENERAL INFORMATION | |
| fixed length control field | 150201s2006 xx 000 0 und d |
| 082 ## - DEWEY DECIMAL CLASSIFICATION NUMBER | |
| Classification number | 613.71 |
| Item number | P06H |
| 100 ## - MAIN ENTRY--PERSONAL NAME | |
| Personal name | HOLLIS , MARGRET |
| 245 ## - TITLE STATEMENT | |
| Title | PRACTICAL EXERCISE THERAPY |
| 250 ## - EDITION STATEMENT | |
| Edition statement | 4TH |
| 260 ## - PUBLICATION, DISTRIBUTION, ETC. (IMPRINT) | |
| Name of publisher, distributor, etc. | BLACKWELL |
| Place of publication, distribution, etc. | DELHI |
| Date of publication, distribution, etc. | 2006 |
| 300 ## - PHYSICAL DESCRIPTION | |
| Extent | 1-280 |
| 650 ## - SUBJECT ADDED ENTRY--TOPICAL TERM | |
| Topical term or geographic name as entry element | PHYSIOTHERAPY |
| 942 ## - ADDED ENTRY ELEMENTS (KOHA) | |
| Source of classification or shelving scheme | Dewey Decimal Classification |
| Koha item type | Books |
| Koha issues (borrowed), all copies | 20 |
| Withdrawn status | Lost status | Source of classification or shelving scheme | Damaged status | Not for loan | Collection code | Home library | Current library | Shelving location | Date acquired | Source of acquisition | Cost, normal purchase price | SGTU | Total Checkouts | Full call number | Barcode | Date last seen | Date last checked out | Bill Date | Koha item type |
|---|---|---|---|---|---|---|---|---|---|---|---|---|---|---|---|---|---|---|---|
| Dewey Decimal Classification | Not For Loan | MEDICAL | SGT Medical Library | SGT Medical Library | Text Book | 20/03/2013 | UBS DELHI | 300.00 | SGTU | 8 | 613.71 P06H | FM5365 | 09/04/2024 | 30/03/2024 | 20/03/2013 | Books | |||
| Dewey Decimal Classification | Not For Loan | MEDICAL | SGT Medical Library | SGT Medical Library | Text Book | 20/03/2013 | UBS DELHI | 300.00 | SGTU | 11 | 613.71 P06H | FM5366 | 28/11/2023 | 28/11/2023 | 20/03/2013 | Books | |||
| Dewey Decimal Classification | Not For Loan | MEDICAL | SGT Medical Library | SGT Medical Library | Text Book | 20/03/2013 | UBS DELHI | 300.00 | SGTU | 6 | 613.71 P06H | FM5367 | 14/03/2024 | 14/03/2024 | 20/03/2013 | Books | |||
| Dewey Decimal Classification | Not For Loan | MEDICAL | SGT Medical Library | SGT Medical Library | Text Book | 20/03/2013 | UBS DELHI | 300.00 | SGTU | 6 | 613.71 P06H | FM5368 | 20/11/2023 | 06/11/2023 | 20/03/2013 | Books | |||
| Dewey Decimal Classification | Not For Loan | MEDICAL | SGT Medical Library | SGT Medical Library | Text Book | 20/03/2013 | UBS DELHI | 300.00 | SGTU | 24 | 613.71 P06H | FM5369 | 09/03/2024 | 16/02/2024 | 20/03/2013 | Books |